| 000 | 01098nam a2200265 4500 | ||
|---|---|---|---|
| 003 | OSt | ||
| 005 | 20260601193848.0 | ||
| 008 | 260506b1973 enka|||| |||| 00| 0 eng d | ||
| 020 | _a0723001073 (rústica) | ||
| 020 | _a9780723001072 (rústica) | ||
| 040 |
_aICI _bspa _cICI |
||
| 050 | 4 |
_aNK1068 _bW37 1973 |
|
| 100 | 1 |
_aWatson, William, _d1917-, |
|
| 245 | 1 |
_aThe genius of China : _ban exhibition of archaeological finds of the People's Republic of China held at the Royal Academy, London, by permission of the President and Council, from 29 September 1973 to 23 January 1974 / _c [text by William Watson] |
|
| 250 | _aReprinted with revisions | ||
| 264 |
_bTimes Newspapers, _c1973 _a[London] : |
||
| 300 |
_a159 páginas _c24cm. |
||
| 336 |
_atexto _2rdacontent |
||
| 337 |
_asin medio _2rdamedia |
||
| 338 |
_avolumen _2rdacarrier |
||
| 500 | _a"Sponsored by The Times and Sunday Times in association with the Royal Academy and the Great Britain/China Committee." | ||
| 650 | 4 |
_aArte chino _xExposiciones _931876 |
|
| 651 | 4 |
_aChina _vExposiciones _xAntigüedades _927731 |
|
| 942 |
_2lcc _cB |
||
| 999 |
_c21755 _d21755 |
||